| 000 | 00466nam a22001697a 4500 | ||
|---|---|---|---|
| 003 | NUST - PNEC | ||
| 005 | 20170116181006.0 | ||
| 008 | 150912b xxu||||| |||| 00| 0 eng d | ||
| 020 | _a0766814106 | ||
| 040 | _cLIBRARY | ||
| 082 | _a621.3815310288 SMI | ||
| 100 |
_99810 _aSmith, H. |
||
| 245 |
_aQuality hand soldering and circuit board repair _cH. Smith |
||
| 260 | _cc.2001 | ||
| 650 |
_99814 _aPrinted circuits--Maintenance and repair _xEE |
||
| 942 |
_2ddc _cBK |
||
| 999 |
_c66885 _d66885 |
||